000 00882nam a2200277Ia 4500
003 OSt
005 20221005093925.0
006 a|||||r|||| 00| 0
007 ta
008 221004b |||||||| |||| 00| 0 eng d
020 _a0631204687
_c1664.16
024 _a82433
037 _b1723, 30/03/2005, Bharat Scientific Syndicate
_cTextual
040 _aCRL
_cCRL
_beng
041 _2eng
_aeng
082 _aR3xM13x, P1
100 _aChamberlain Jane Ed.
245 0 _aKierkegaard reader edited by Jane Chamberlain and Jonathan Ree
260 _aOxford
_bBlackwell Publishers U. K.
_c2001
300 _a403p.
_ccm.
650 _a PHILOSOPHY
650 _aMETAPHYSICS
700 _a Ree Jonathan Ed.
942 _hR3xM13x, P1
_cTEXL
_2cc
999 _c1001151
_d1001151